| 000 | 01501cam a2200349 a 4500 | ||
|---|---|---|---|
| 001 | EDZ0000072127 | ||
| 003 | StDuBDS | ||
| 005 | 20161031105102.0 | ||
| 006 | m||||||||d|||||||| | ||
| 007 | cr ||||||||||| | ||
| 008 | 120412s2006 enka fo| 001|0|eng d | ||
| 020 |
_a9781446213285 (ebook) : _cNo price |
||
| 040 |
_aStDuBDS _beng _cStDuBDS _epn |
||
| 049 | _aAlfaisal Main Library | ||
| 050 | 0 |
_aLB2831.926.G7 _bM35 2006 |
|
| 082 | 0 | 4 |
_a371.20120941 _223 |
| 100 | 1 | _aMale, Trevor. | |
| 245 | 1 | 0 |
_aBeing an effective headteacher _h[electronic resource] / _cTrevor Male. |
| 260 |
_aLondon : _bPaul Chapman, _c2006. |
||
| 300 |
_a1 online resource (xiii, 130 p.) : _bill. |
||
| 504 | _aIncludes bibliographical references and index. | ||
| 520 | 8 | _aProviding a comprehensive support and development package for new and aspiring headteachers, this practical book helps first-time headteachers to deal confidently with the challenges of their post, informs senior teachers about what they can expect in the role, and prepares them for a future in headship. | |
| 521 | _aSpecialized. | ||
| 588 | _aDescription based on print version record. | ||
| 650 | 0 |
_aSchool principals _zGreat Britain. |
|
| 650 | 0 |
_aEducational leadership _zGreat Britain. |
|
| 655 | 7 |
_aElectronic books. _2local |
|
| 710 | 2 | _aSage eBooks | |
| 776 | 0 | 8 |
_iPrint version : _z9781412919982 |
| 856 | 4 | 0 | _uhttp://ezproxy.alfaisal.edu/login?url=http://sk.sagepub.com/books/being-an-effective-headteacher |
| 942 |
_2lcc _cEBOOKS |
||
| 999 |
_c479065 _d479065 |
||